Enterprise two : English for the commercial world : workbook
Αποθηκεύτηκε σε:
| Κύριος συγγραφέας: | |
|---|---|
| Άλλοι συγγραφείς: | |
| Μορφή: | Βιβλίο |
| Γλώσσα: | English |
| Δημοσίευση: |
London :
Heineman educational books,
c1986
|
| Ετικέτες: |
Προσθήκη ετικέτας
Δεν υπάρχουν, Καταχωρήστε ετικέτα πρώτοι!
|
MARC
| LEADER | 00000cam a2200000 i 4500 | ||
|---|---|---|---|
| 001 | 1/49141 | ||
| 008 | 960328s1986 eng d | ||
| 020 | |a 0-435-28946-2 | ||
| 035 | |l 10026787 | ||
| 040 | |a GR-MY-UA |b gre |e aacr | ||
| 041 | 0 | |a eng | |
| 100 | 1 | |a Moore, C. J. | |
| 245 | 1 | 0 | |a Enterprise two : |b English for the commercial world : workbook / |c C. J. Moore, Judy West |
| 260 | |a London : |b Heineman educational books, |c c1986 | ||
| 300 | |a 62 p. | ||
| 700 | 1 | |a West, Judy. | |
| 852 | |a INST |b CHIOS |e 19960402 |h 428.24 MOO |p 005200004965 |q 005200004965 |t BK |y 0 | ||
| 852 | |a INST |b CHIOS |e 19960328 |h 428.24 MOO |p 005200004966 |q 005200004966 |t BK |y 0 | ||
| 852 | |a INST |b CHIOS |e 19961107 |h 428.24 MOO |p 005200011007 |q 005200011007 |t BK |y 0 | ||
| 909 | |a Χ |b 015582 | ||
| 909 | |a Χ |b 047825 | ||
| 909 | |a Χ |b 015584 | ||